000
00314nam a22001337a 4500
003
SGT
082
_a
340,MAD
100
_a
MADHOLIA MATA DIN
245
_a
COMMENTARY ON THE MOTOR VEHICLES ACT 1988
260
_a
NEW DELHI
_b
KAMLESH PUBLICATIONS
_c
1990
300
_a
V.P
650
_a
LAW BOOKS
942
_2
ddc
_c
BK
999
_c
10160
_d
10160